Exposición de Bellas Artes con motivo de la II Conferencia Interamericana del Caribe
Descripción Física:
[28] pàg. : il. b/n ; 23 cm
Materias:
Pintura dominicana -- S. XX -- Exposicions
; Fons Joan Junyer i Pascual (1909-1994)
; Fulletons
Idioma:
Español
MARC
| LEADER | 00000nam a22000007a 4500 | ||
|---|---|---|---|
| 001 | 24724 | ||
| 003 | AGDB | ||
| 005 | 20260324181536.0 | ||
| 008 | 251015b dr ||||| |||| 00| 0 spa d | ||
| 100 | |a Fraíz Grijalba, Manuel |9 72511 | ||
| 245 | |a Exposición de Bellas Artes con motivo de la II Conferencia Interamericana del Caribe | ||
| 260 | |a Ciudad Trujillo : |b Ateneo Dominicano , |c 1940 | ||
| 300 | |a [28] pàg. : |b il. b/n ; |c 23 cm | ||
| 500 | |a Prové del fons Joan Junyer i Pascual (1909-1994) | ||
| 650 | 0 | |a Pintura dominicana |y S. XX |9 72512 |v Exposicions | |
| 650 | 0 | |a Fons Joan Junyer i Pascual (1909-1994) |9 72777 | |
| 655 | 0 | |a Fulletons |9 55858 | |
| 710 | |a Ateneo Dominicano (Santo Domingo) |9 72513 | ||
| 942 | |2 udc |c ARXIU |n 1 | ||
| 952 | |0 0 |1 0 |4 0 |6 F50479 |7 1 |9 98475 |a Arxiu |b Arxiu |d 2025-10-15 |l 0 |o F-504-79 |p 24724 |r 2025-10-15 12:53:31 |w 2025-10-15 |y ARXIU | ||
| 999 | |c 130229 |d 130229 | ||